[Event "ROM-chT Blitz"]
[Site "Sebes"]
[Date "2022.12.04"]
[Round "2.27"]
[White "Calugareanu, Ioana Denisa"]
[Black "Vrencian, Lehel"]
[Result "0-1"]
[WhiteElo "1424"]
[BlackElo "2226"]
[PlyCount "76"]
[EventDate "2022.12.04"]
[EventType "team-swiss (blitz)"]
[EventRounds "8"]
[EventCountry "ROU"]
[SourceTitle "CBM 211 Extra"]
[Source "ChessBase"]
[SourceDate "2023.01.31"]
[SourceVersion "1"]
[SourceVersionDate "2023.01.31"]
[SourceQuality "1"]
[WhiteTeam "Bucharest CCS 2"]
[BlackTeam "Otopeni"]
[WhiteTeamCountry "ROU"]
[BlackTeamCountry "ROU"]

1. d4 Nf6 2. c4 d6 3. g3 e5 4. Nf3 e4 5. Nfd2 c6 6. Nc3 d5 7. Bg2 Be7 8. 0-0 0-0 9. e3 a6 10. cxd5 cxd5 11. f3 exf3 12. Bxf3 Bh3 13. Re1 Nc6 14. Qe2 Re8 15. Bg2 Bxg2 16. Qxg2 Bb4 17. Nf3 Rc8 18. a3 Bxc3 19. bxc3 Na5 20. Rb1 b5 21. Bb2 Nc4 22. Nd2 Nxb2 23. Rxb2 Rxc3 24. Rb3 Rc2 25. Qe2 Ne4 26. Rd3 Qa5 27. Rd1 Nc3 28. Rxc3 Qxc3 29. Kf2 Qxa3 30. Qf3 Qb4 31. Qe2 g6 32. h3 a5 33. Rb1 Qxd2 34. Qxd2 Rxd2+ 35. Ke1 Rh2 36. Rxb5 Rxe3+ 37. Kf1 Ra3 38. Rxd5 Ra1# 0-1

[Event "Sebes Romanian Rapid op"]
[Site "Sebes"]
[Date "2022.12.02"]
[Round "4"]
[White "Sfarlog, Tudor Vlad"]
[Black "Calugareanu, Ioana Denisa"]
[Result "1-0"]
[WhiteElo "2283"]
[BlackElo "1424"]
[PlyCount "105"]
[EventDate "2022.12.02"]
[EventType "swiss (rapid)"]
[EventRounds "8"]
[EventCountry "ROU"]
[SourceTitle "CBM 211 Extra"]
[Source "ChessBase"]
[SourceDate "2023.01.31"]
[SourceVersion "1"]
[SourceVersionDate "2023.01.31"]
[SourceQuality "1"]

1. Nf3 e6 2. c4 Nf6 3. g3 d5 4. Bg2 Be7 5. 0-0 0-0 6. d4 c5 7. cxd5 exd5 8. Nc3 Nc6 9. dxc5 Bxc5 10. Bg5 d4 11. Bxf6 Qxf6 12. Ne4 Qe7 13. Nxc5 Qxc5 14. Rc1 Qb6 15. Qd2 Be6 16. b3 Rfd8 17. Rfd1 Rac8 18. Ng5 Bf5 19. Qf4 Bg6 20. Bh3 Rc7 21. Bf5 h6 22. Nf3 Bxf5 23. Qxf5 Rcd7 24. h4 Rd5 25. Qe4 Qa6 26. Rd2 d3 27. Rc3 f5 28. Qe6+ Kh8 29. Rcxd3 Rxd3 30. exd3 Rxd3 31. Qc8+ Nd8 32. Qxf5 Rxd2 33. Nxd2 Qd6 34. Nc4 Qd1+ 35. Kg2 b6 36. Ne5 Qd5+ 37. Kh2 Qe6 38. Ng6+ Kg8 39. Qf8+ Kh7 40. Nf4 Qd7 41. h5 Qd2 42. Ng6 Nf7 43. Qxf7 Qg5 44. Nf4 Qc5 45. Qxg7+ Kxg7 46. Ne6+ Kf6 47. Nxc5 bxc5 48. f4 Kf5 49. Kh3 a5 50. a4 Ke4 51. Kg4 Kd3 52. f5 Kc3 53. f6 1-0